Statistics for Every Channel 4 Television Channel

Click here to take the quiz!

General Stats

  • This quiz has been taken 26 times
  • The average score is 5 of 8

Answer Stats

Began AiringCeased AiringChannel% Correct
November 1982n/aChannel 4
96%
November 1982n/aS4C
96%
September 1999December 2010S4C Dau
96%
January 2001n/aE4
71%
November 1998n/aFilm4
54%
October 2005n/aMore4
54%
August 2008n/a4Music
33%
July 2012n/a4seven
29%

Score Distribution

Percentile by Number Answered

Percent of People with Each Score

Your Score History

You have not taken this quiz